[Event "Copenhagen Chess Challenge 2012"]
[Site "Ballerup"]
[Date "2012.??.??"]
[Round "9"]
[White "Thuesen, Mogens Henrik"]
[Black "Maack, Kjartan"]
[Result "1/2-1/2"]
[WhiteElo "2242"]
[BlackElo "2133"]
[PlyCount "117"]
[EventDate "2012.??.??"]
[EventType "swiss"]
[EventRounds "9"]
[EventCountry "DEN"]

1. d4 e6 2. Nf3 f5 3. g3 Nf6 4. Bg2 d5 5. O-O Bd6 6. c4 c6 7. b3 Qe7 8. Nc3
Nbd7 9. Qc2 O-O 10. Bf4 Bxf4 11. gxf4 Ne4 12. e3 Rf6 13. Ng5 Nd6 14. c5 Nf7 15.
f3 Rh6 16. Nxf7 Kxf7 17. Qf2 b6 18. b4 Ba6 19. Rfb1 bxc5 20. bxc5 Rg8 21. Bf1
Bc8 22. Kh1 g5 23. Bd3 g4 24. Rg1 Nf6 25. Be2 Rhg6 26. fxg4 Nxg4 27. Bxg4 Rxg4
28. Rxg4 Rxg4 29. Qe2 Qh4 30. Rg1 h5 31. Qe1 Qh3 32. Rxg4 fxg4 33. Kg1 h4 34.
Qf2 Ba6 35. f5 g3 36. fxe6+ Kxe6 37. hxg3 hxg3 38. Qg2 Qg4 39. e4 dxe4 40.
Qxe4+ Qxe4 41. Nxe4 Kd5 42. Nxg3 Kxd4 43. Kf2 Kxc5 44. Ke3 Bc4 45. a3 Kb5 46.
Kd4 Bd5 47. Kc3 Ka4 48. Kb2 Kb5 49. Ne2 Kc4 50. Nc3 c5 51. Na4 Kd4 52. Nc3 Bc6
53. Ne2+ Kd3 54. Nc3 a6 55. Nb1 Be8 56. Nc3 Kc4 57. Nb1 Bg6 58. Nc3 Bf7 59. Nb1
1/2-1/2

[Event "Copenhagen Chess Challenge 2012"]
[Site "Ballerup"]
[Date "2012.??.??"]
[Round "9"]
[White "Pedersen, Sven"]
[Black "Svane, Rasmus"]
[Result "1/2-1/2"]
[WhiteElo "2125"]
[BlackElo "2390"]
[PlyCount "118"]
[EventDate "2012.??.??"]
[EventType "swiss"]
[EventRounds "9"]
[EventCountry "DEN"]

1. e4 e6 2. d4 d5 3. Nd2 c5 4. exd5 Qxd5 5. Ngf3 cxd4 6. Bc4 Qd7 7. O-O Nc6 8.
Nb3 Nf6 9. Nbxd4 Nxd4 10. Nxd4 a6 11. Bg5 Qc7 12. Bb3 Bd6 13. Bxf6 gxf6 14. Qh5
Qc5 15. Qh4 Qg5 16. Qxg5 fxg5 17. Rad1 Bc7 18. Rfe1 Bd7 19. Nf3 g4 20. Ne5 Bxe5
21. Rxe5 O-O-O 22. Re4 Bb5 23. Red4 Be2 24. Rxd8+ Rxd8 25. Rxd8+ Kxd8 26. c3
Ke7 27. Bc2 f5 28. h3 h5 29. Kh2 Kf6 30. hxg4 hxg4 31. Kg3 e5 32. Kh4 Bf1 33.
Kg3 Kg5 34. f3 f4+ 35. Kf2 Bb5 36. fxg4 Kxg4 37. Bd1+ Kf5 38. g3 e4 39. gxf4
Kxf4 40. Be2 e3+ 41. Ke1 Bxe2 42. Kxe2 Ke4 43. a4 b6 44. b3 Kf4 45. a5 bxa5 46.
Kf1 Kf5 47. Ke1 Ke5 48. Kd1 Kd5 49. Ke2 Ke4 50. c4 Kd4 51. c5 Kxc5 52. Kxe3 Kb4
53. Kd2 Ka3 54. Kc1 Ka2 55. Kc2 Ka1 56. Kc1 Ka2 57. Kc2 Ka3 58. Kc3 a4 59. bxa4
Kxa4 1/2-1/2

[Event "Copenhagen Chess Challenge 2012"]
[Site "Ballerup"]
[Date "2012.??.??"]
[Round "9"]
[White "Leosson, Atli Johann"]
[Black "Skovgaard, Ib"]
[Result "1-0"]
[WhiteElo "1715"]
[BlackElo "2035"]
[PlyCount "149"]
[EventDate "2012.??.??"]
[EventType "swiss"]
[EventRounds "9"]
[EventCountry "DEN"]

1. e4 Nf6 2. Nc3 d6 3. d4 g6 4. Nf3 Bg7 5. Be2 O-O 6. O-O c6 7. Be3 Nfd7 8. Qd2
b5 9. a3 Bb7 10. Bh6 a5 11. Bxg7 Kxg7 12. Nd1 Na6 13. Ne3 Nf6 14. Bd3 e5 15.
Rad1 Re8 16. dxe5 dxe5 17. Qc3 Qe7 18. h3 Nc5 19. Ng4 Nxg4 20. hxg4 h6 21. Nd2
Na4 22. Qb3 Bc8 23. f3 Be6 24. c4 Rad8 25. Qc2 Qc5+ 26. Kh2 Rxd3 27. Qxd3 Nxb2
28. Qc3 Nxd1 29. Rxd1 b4 30. Nb3 Qa7 31. Qxe5+ f6 32. Qxa5 Qxa5 33. Nxa5 bxa3
34. Ra1 Ra8 35. Rxa3 c5 36. Kg3 Kf7 37. Kf2 Ra6 38. Ke3 Ke7 39. Kd3 Kd7 40. Ra1
Rb6 41. Kc3 Rb4 42. Ra3 Kc8 43. Rb3 Ra4 44. Rb5 Ra3+ 45. Nb3 Kd8 46. Rxc5 Ra2
47. Nd4 Bd7 48. Nc6+ Ke8 49. e5 fxe5 50. Nxe5 Rxg2 51. Nxg6 Rg3 52. Ne5 Ke7 53.
Nxd7 Kxd7 54. Rf5 Ke6 55. Rf8 Rh3 56. Kd4 Ke7 57. Rf4 h5 58. gxh5 Rxh5 59. Re4+
Kd6 60. f4 Kd7 61. c5 Rh4 62. f5 Rh6 63. Kd5 Ra6 64. Re6 Ra1 65. c6+ Kd8 66.
Rd6+ Kc8 67. Rd7 Ra5+ 68. Ke6 Rc5 69. Rd6 Rc1 70. f6 Re1+ 71. Kf7 Rh1 72. Ke7
Kc7 73. f7 Rh7 74. Re6 Kc8 75. Ke8 1-0

[Event "Copenhagen Chess Challenge 2012"]
[Site "Ballerup"]
[Date "2012.??.??"]
[Round "9"]
[White "Bendixen, Daniel"]
[Black "Pallesen, Jacob"]
[Result "1/2-1/2"]
[WhiteElo "1837"]
[BlackElo "1985"]
[PlyCount "30"]
[EventDate "2012.??.??"]
[EventType "swiss"]
[EventRounds "9"]
[EventCountry "DEN"]

1. e4 c5 2. Nf3 e6 3. d4 cxd4 4. Nxd4 a6 5. Bd3 Nc6 6. Be3 Qc7 7. O-O Nf6 8.
Nc3 Bb4 9. Nce2 d5 10. exd5 Nxd5 11. c3 Bd6 12. Ng3 Bd7 13. Qe2 O-O 14. Nxc6
Bxc6 15. Kh1 Nf4 1/2-1/2

[Event "Copenhagen Chess Challenge 2012"]
[Site "Ballerup"]
[Date "2012.??.??"]
[Round "9"]
[White "Nielsen, Thomas (1994)"]
[Black "Olsen, Michael Richard W"]
[Result "0-1"]
[WhiteElo "1616"]
[BlackElo "2023"]
[PlyCount "46"]
[EventDate "2012.??.??"]
[EventType "swiss"]
[EventRounds "9"]
[EventCountry "DEN"]

1. e4 g6 2. Nf3 Bg7 3. d4 c6 4. Be3 Qc7 5. c3 d6 6. Be2 Nf6 7. e5 Nd5 8. Bc1
dxe5 9. Nxe5 Bxe5 10. dxe5 Qxe5 11. O-O Bf5 12. Bc4 Nd7 13. Re1 Qd6 14. Bf4
Qxf4 15. Bxd5 cxd5 16. Qxd5 O-O 17. g3 Qd6 18. Qxb7 Rab8 19. Qxa7 Rxb2 20. Na3
Qc6 21. Qd4 e5 22. Qe3 Rfb8 23. Rad1 Bh3 0-1

[Event "Copenhagen Chess Challenge 2012"]
[Site "Ballerup"]
[Date "2012.??.??"]
[Round "9"]
[White "Einarsson, Oskar Long"]
[Black "Skovle, Lars"]
[Result "1-0"]
[WhiteElo "1591"]
[BlackElo "1621"]
[PlyCount "59"]
[EventDate "2012.??.??"]
[EventType "swiss"]
[EventRounds "9"]
[EventCountry "DEN"]

1. e4 Nf6 2. e5 Nd5 3. d4 d6 4. exd6 cxd6 5. Nf3 Nc6 6. Be2 g6 7. O-O Bg7 8. c4
Nb6 9. Nc3 O-O 10. Be3 Bg4 11. b3 Nd7 12. Qd2 Qa5 13. Rac1 e6 14. h3 Bxf3 15.
Bxf3 e5 16. d5 Nd4 17. Be2 f5 18. Rfd1 Nc5 19. Rb1 Ne4 20. Nxe4 Nxe2+ 21. Qxe2
fxe4 22. Bc1 Rae8 23. Rb2 Qd8 24. Qxe4 b6 25. Re2 Qf6 26. Rde1 Qf5 27. f4 Qxe4
28. Rxe4 Rf7 29. Bb2 Rfe7 30. fxe5 1-0

[Event "Copenhagen Chess Challenge 2012"]
[Site "Ballerup"]
[Date "2012.??.??"]
[Round "9"]
[White "Kuntz, Lene"]
[Black "Kallenbach, Uffe"]
[Result "1/2-1/2"]
[WhiteElo "1701"]
[BlackElo "1643"]
[PlyCount "35"]
[EventDate "2012.??.??"]
[EventType "swiss"]
[EventRounds "9"]
[EventCountry "DEN"]

1. e4 c5 2. Nf3 Nf6 3. Nc3 Nc6 4. d4 cxd4 5. Nxd4 e6 6. Bc4 Be7 7. O-O d5 8.
exd5 exd5 9. Bb5 Bd7 10. Bg5 a6 11. Bxc6 bxc6 12. Bxf6 gxf6 13. Qe2 O-O 14.
Rae1 Bc5 15. Qd3 Kh8 16. Re3 Rg8 17. Rfe1 Rg6 18. Rg3 1/2-1/2

[Event "Copenhagen Chess Challenge 2012"]
[Site "Ballerup"]
[Date "2012.??.??"]
[Round "9"]
[White "Philipsen, William Horup"]
[Black "Akdag, Dara"]
[Result "0-1"]
[WhiteElo "1895"]
[BlackElo "2264"]
[PlyCount "54"]
[EventDate "2012.??.??"]
[EventType "swiss"]
[EventRounds "9"]
[EventCountry "DEN"]

1. e4 c5 2. d4 cxd4 3. c3 Nf6 4. e5 Nd5 5. Nf3 d6 6. exd6 Qxd6 7. cxd4 g6 8.
Nc3 Bg7 9. Bc4 Nxc3 10. bxc3 O-O 11. O-O Qc7 12. Qb3 Nc6 13. Qc2 Bg4 14. Nh4
Na5 15. Bd5 Rfd8 16. Be4 Rac8 17. h3 Be6 18. Rd1 Bd5 19. Bxd5 Rxd5 20. Qe4 e6
21. Bf4 Qd7 22. Nf3 Rxc3 23. Ne5 Qa4 24. Rac1 Nc6 25. Rb1 Bxe5 26. Qe1 Bxd4 27.
Rxb7 Qxd1 0-1

[Event "Copenhagen Chess Challenge 2012"]
[Site "Ballerup"]
[Date "2012.??.??"]
[Round "9"]
[White "Knudsen, Jes West"]
[Black "Brondt, Nicolai Kvist"]
[Result "0-1"]
[WhiteElo "1890"]
[BlackElo "2138"]
[PlyCount "70"]
[EventDate "2012.??.??"]
[EventType "swiss"]
[EventRounds "9"]
[EventCountry "DEN"]

1. e4 c6 2. d4 d5 3. f3 dxe4 4. fxe4 e5 5. Nf3 Bg4 6. Bc4 Nd7 7. O-O Ngf6 8. c3
Bd6 9. Bxf7+ Kxf7 10. Qb3+ Ke7 11. Ng5 Rf8 12. h3 h6 13. hxg4 hxg5 14. Bxg5 Qb6
15. Nd2 Qxb3 16. axb3 Ke6 17. dxe5 Bc5+ 18. Kh2 Nxg4+ 19. Kg3 Ndxe5 20. Nf3 Nf6
21. Rae1 Nxf3 22. gxf3 Nh7 23. Bc1 Bd6+ 24. e5 Be7 25. Kg4 Rf5 26. Rh1 Nf8 27.
f4 Rd8 28. c4 Rd3 29. Re3 Rxe3 30. Bxe3 a6 31. c5 g6 32. Rh6 Rh5 33. Rxh5 gxh5+
34. Kxh5 Kf5 35. Kh6 Ne6 0-1

[Event "Copenhagen Chess Challenge 2012"]
[Site "Ballerup"]
[Date "2012.??.??"]
[Round "9"]
[White "Rydstrom, Tom"]
[Black "Percivaldi, Martin"]
[Result "1/2-1/2"]
[WhiteElo "2037"]
[BlackElo "1938"]
[PlyCount "26"]
[EventDate "2012.??.??"]
[EventType "swiss"]
[EventRounds "9"]
[EventCountry "DEN"]

1. e4 e6 2. d4 d5 3. Nc3 Bb4 4. e5 c5 5. a3 Bxc3+ 6. bxc3 Qa5 7. Bd2 Qa4 8. Qb1
c4 9. f4 Nc6 10. Nf3 b6 11. Be2 Bd7 12. O-O O-O-O 13. Nh4 f6 1/2-1/2

[Event "Copenhagen Chess Challenge 2012"]
[Site "Ballerup"]
[Date "2012.??.??"]
[Round "9"]
[White "Yildiz, Hasan"]
[Black "Johansen, Johnny Holler"]
[Result "0-1"]
[WhiteElo "2032"]
[BlackElo "1967"]
[PlyCount "72"]
[EventDate "2012.??.??"]
[EventType "swiss"]
[EventRounds "9"]
[EventCountry "DEN"]

1. Nf3 Nf6 2. g3 g6 3. Bg2 Bg7 4. O-O O-O 5. d3 d5 6. Re1 Nc6 7. Nbd2 e5 8. e4
dxe4 9. dxe4 h6 10. c3 Be6 11. a4 a5 12. Qc2 Qe7 13. b3 Rfd8 14. Ba3 Qe8 15.
Bf1 Nd7 16. b4 axb4 17. cxb4 Nd4 18. Nxd4 exd4 19. Bb2 Ne5 20. Rec1 d3 21. Qb1
Qd7 22. Rc5 Nc6 23. Bxg7 Kxg7 24. Ra3 b6 25. Rcc3 Ne5 26. Bxd3 Rxa4 27. Rxa4
Qxa4 28. Bc2 Qd7 29. Nf3 Nxf3+ 30. Rxf3 Ra8 31. Qb2+ Kh7 32. Rd3 Qe7 33. f4 c5
34. bxc5 Qxc5+ 35. Kg2 Ra2 36. Qc3 Rxc2+ 0-1

[Event "Copenhagen Chess Challenge 2012"]
[Site "Ballerup"]
[Date "2012.??.??"]
[Round "9"]
[White "Ulrich, Thomas"]
[Black "Schmidt, Horst Hubert"]
[Result "1-0"]
[WhiteElo "1933"]
[BlackElo "1850"]
[PlyCount "99"]
[EventDate "2012.??.??"]
[EventType "swiss"]
[EventRounds "9"]
[EventCountry "DEN"]

1. e4 e6 2. d4 d5 3. Nd2 dxe4 4. Nxe4 Bd7 5. Nf3 Bc6 6. Bd3 Nd7 7. O-O Be7 8.
Re1 Ngf6 9. Nxf6+ Nxf6 10. c3 Bxf3 11. Qxf3 O-O 12. Qxb7 c5 13. Be4 Nxe4 14.
Qxe4 cxd4 15. cxd4 Bf6 16. Be3 Rb8 17. Re2 a5 18. Rc2 Rb5 19. Rac1 Qb8 20. b3
Rd8 21. Rc5 g6 22. Qf3 Bg7 23. Rc7 Rf5 24. Qc6 Rfd5 25. Rc8 Qb4 26. Rxd8+ Rxd8
27. Qc7 Bf6 28. h3 Rd5 29. Rc5 Qe1+ 30. Kh2 Bd8 31. Qc8 Rd6 32. Qb8 Rd7 33. Bg5
Kg7 34. Bxd8 Qxf2 35. Bxa5 f6 36. Qg3 Qxd4 37. Rc7 e5 38. Rxd7+ Qxd7 39. Qe3 h5
40. Qd2 Qf5 41. Bc7 g5 42. Qe2 g4 43. a4 g3+ 44. Kg1 Qb1+ 45. Qf1 Qxb3 46. a5
Qe3+ 47. Kh1 Qf2 48. Qd1 h4 49. Bb6 Qf4 50. Qg4+ 1-0